000 00755nam a2200205 4500
001 139650
003 ES-MaACL
005 20230906195850.0
007 t|
008 070214s1905 sp r ||||1| spa d
080 _a355 Blayney, Andrew Thomas
080 _a355.48(460)"1808/14"(093.3)
100 1 _aBlayney, Andrew Thomas (
_d1770-1834)
_9148952
245 1 2 _aL'Espagne en 1810
_b: souvenirs d'un prisonnier de guerre anglais : d'après les documents d'archives et les mémoires /
_cAlbert Savine.
260 _aParis :
_bLouis-Michaud,
_c1905.
300 _a188 p. ;
_c19 cm.
651 4 _aEspaña-
_xHistoria-
_y1808-1814, Guerra de la Independencia-
_vRelatos personales.
_9138809
700 0 _aSavine, Albert.
_9104073
852 _aES-MaACL
_jC-11
999 _c139650
_d139650